Sports Quiz

Random Sports or Soccer Quiz

Matchweek 3 Premier League Starting Lineups 2017/18 Quiz Stats

 Plays Quiz not verified by Sporcle

Score 0/220 Timer 20:00
0 Plays Today
% Correct
Petr Čech
95.3%
Alexis Sánchez
91.1%
Mesut Özil
90.6%
Aaron Ramsey
88%
Wayne Rooney
87.5%
David de Gea
87.5%
Nacho Monreal
86.5%
Asmir Begović
86.5%
Thibaut Courtois
86.5%
Sadio Mané
86.5%
Romelu Lukaku
86.5%
Granit Xhaka
85.9%
Héctor Bellerín
85.9%
David Luiz
85.9%
Álvaro Morata
85.9%
Jordan Pickford
85.9%
Roberto Firmino
85.9%
Cesc Fàbregas
85.4%
Phil Jones
85.4%
Joshua King
84.9%
Jamie Vardy
84.9%
Jordan Henderson
84.9%
Mohamed Salah
84.9%
Marcos Alonso
84.4%
Dejan Lovren
84.4%
Gabriel Jesus
84.4%
Laurent Koscielny
83.9%
Danny Welbeck
83.9%
Juan Mata
83.9%
Hugo Lloris
83.9%
Tom Heaton
83.3%
N'Golo Kanté
83.3%
Ashley Williams
83.3%
Paul Pogba
83.3%
Rob Holding
82.8%
Victor Moses
82.8%
Pedro
82.8%
Loris Karius
82.8%
Joël Matip
82.8%
Eric Bailly
82.8%
Leroy Fer
82.8%
Dele Alli
82.8%
Harry Kane
82.8%
Alex Oxlade-Chamberlain
82.3%
Willian
82.3%
Tom Davies
82.3%
Wes Morgan
82.3%
Riyad Mahrez
82.3%
Vincent Kompany
82.3%
David Silva
82.3%
Ben Davies
82.3%
Bernardo Silva
81.8%
Antonio Valencia
81.8%
Kasper Schmeichel
81.3%
Emre Can
81.3%
Christian Benteke
80.7%
Michael Keane
80.7%
Ederson
80.7%
Nicolás Otamendi
80.7%
Fernandinho
80.2%
Danny Simpson
79.7%
Daley Blind
79.7%
Nemanja Matić
79.7%
Jermain Defoe
79.2%
Benjamin Mendy
79.2%
Anthony Martial
79.2%
Adam Smith
78.6%
Sam Vokes
78.6%
Antonio Rüdiger
78.6%
Phil Jagielka
78.6%
Tommy Smith
78.6%
Christian Fuchs
78.6%
Shinji Okazaki
78.6%
Alberto Moreno
78.6%
% Correct
Jack Butland
78.6%
Steve Cook
78.1%
Raheem Sterling
78.1%
Leighton Baines
77.6%
Kevin De Bruyne
77.6%
Fraser Forster
77.6%
Jan Vertonghen
77.6%
Stephen Ward
77.1%
César Azpilicueta
77.1%
Joel Ward
77.1%
Christian Eriksen
77.1%
Charlie Daniels
76%
Eric Dier
76%
Heurelho Gomes
76%
Georginio Wijnaldum
75.5%
Mousa Dembélé
75.5%
Ben Foster
75.5%
Joe Hart
75.5%
Ben Mee
75%
Toby Alderweireld
75%
Harry Arter
74.5%
Wayne Hennessey
74.5%
Marc Albrighton
74.5%
Nathan Aké
74%
Łukasz Fabiański
73.4%
Joe Gomez
72.9%
Son Heung-min
72.9%
Harry Maguire
72.4%
Henrikh Mkhitaryan
71.9%
Ryan Bertrand
71.9%
Dušan Tadić
71.9%
Jesé Rodríguez
71.9%
Kieran Trippier
71.9%
Aaron Mooy
71.4%
Mathew Ryan
70.8%
Idrissa Gueye
70.8%
Wilfred Ndidi
70.8%
Manolo Gabbiadini
70.8%
Ryan Shawcross
70.8%
Danilo
70.3%
Andros Townsend
69.8%
Gylfi Sigurðsson
69.8%
Andre Gray
69.8%
Salomón Rondón
69.8%
Jordan Ayew
69.3%
André Ayew
69.3%
Javier Hernandez
69.3%
Scott Dann
68.8%
Steve Mounié
68.8%
Darren Fletcher
68.2%
Mark Noble
68.2%
Rob Elliot
67.7%
Steven Davis
67.7%
Xherdan Shaqiri
67.7%
Sandro Ramírez
67.2%
Maya Yoshida
66.7%
Andrew Surman
65.6%
Robbie Brady
65.6%
Mason Holgate
65.1%
Nathan Redmond
65.1%
Dale Stephens
64.6%
Jack Stephens
64.6%
Jay Rodriguez
64.1%
Jason Puncheon
63.5%
Ayoze Pérez
63%
Joselu
63%
Aaron Cresswell
63%
Federico Fernández
62.5%
Tom Carroll
62.5%
Jack Cork
62%
Oriol Romeu
62%
Chris Brunt
62%
Alfie Mawson
61.5%
James Tomkins
60.9%
% Correct
Cédric Soares
60.9%
Pablo Zabaleta
60.9%
Steven Defour
60.4%
Tammy Abraham
60.4%
Gareth Barry
60.4%
Matthew Lowton
59.9%
Matty James
59.9%
Joe Allen
59.9%
Jamaal Lascelles
58.9%
Matt Ritchie
58.9%
Kurt Zouma
58.9%
Matt Phillips
58.9%
Erik Pieters
58.3%
Jonas Lössl
57.8%
Allan Nyom
57.8%
Lewis Dunk
57.3%
Christian Atsu
57.3%
Geoff Cameron
57.3%
Patrick van Aanholt
56.8%
Kyle Naughton
56.8%
Miguel Britos
56.8%
Tom Cleverley
56.3%
Craig Dawson
56.3%
James Collins
56.3%
James Tarkowski
55.7%
Tom Ince
55.7%
Bruno
55.2%
Timothy Fosu-Mensah
55.2%
Ciaran Clark
55.2%
Sebastian Prödl
55.2%
Angelo Ogbonna
55.2%
Bruno Martins Indi
54.2%
Shane Duffy
53.6%
James Morrison
53.1%
Chancel Mbemba
52.6%
Isaac Hayden
52.6%
Scott Arfield
52.1%
Christopher Schindler
52.1%
Dan Gosling
51.6%
James McArthur
51.6%
Martin Olsson
51.6%
Richarlison
51.6%
Tyrone Mings
51%
Javier Manquillo
50%
Michail Antonio
50%
Anthony Knockaert
49.5%
Luka Milivojević
49.5%
Ahmed Hegazy
49.5%
Pascal Groß
49%
Jóhann Berg Guðmundsson
48.4%
Davy Pröpper
47.9%
Tomer Hemed
47.9%
Abdoulaye Doucouré
47.9%
Mikel Merino
47.4%
Mario Lemina
47.4%
Eric Maxim Choupo-Moting
47.4%
Elias Kachunga
46.9%
Jake Livermore
46.4%
Chris Löwe
45.8%
Mathias Jørgensen
45.3%
Nordin Amrabat
43.2%
Edimilson Fernandes
42.2%
Markus Suttner
41.1%
Rajiv van la Parra
41.1%
Nathaniel Chalobah
41.1%
Philip Billing
39.6%
Solly March
37.5%
Declan Rice
37.5%
Sam Clucas
34.9%
Mike van der Hoorn
31.8%
Christian Kabasele
31.3%
Kiko Femenía
30.7%

You're not logged in!

Compare scores with friends on all Sporcle quizzes.
OR
Log In

Sporcle TV

Today on Sporcle TV


Watch our educational content, quiz creation guides, and fun videos on Sporcle TV.

Show Comments

Extras

Top Quizzes Today


Score Distribution

Your Account Isn't Verified!

In order to create a playlist on Sporcle, you need to verify the email address you used during registration. Go to your Sporcle Settings to finish the process.

Report this User

Report this user for behavior that violates our Community Guidelines.

Details: